| 000 -LEADER |
| fixed length control field |
00578nam a22001697a 4500 |
| 005 - DATE AND TIME OF LATEST TRANSACTION |
| control field |
20231229122732.0 |
| 008 - FIXED-LENGTH DATA ELEMENTS--GENERAL INFORMATION |
| fixed length control field |
231229s1981 ru ||||| |||| 00| 0 rus d |
| 041 ## - LANGUAGE CODE |
| Language code of text/sound track or separate title |
rus |
| 080 ## - UNIVERSAL DECIMAL CLASSIFICATION NUMBER |
| Universal Decimal Classification number |
93(07) Б-78 |
| 100 ## - MAIN ENTRY--PERSONAL NAME |
| Personal name |
Бокщанин, А.Г. |
| 9 (RLIN) |
20932 |
| 245 ## - TITLE STATEMENT |
| Title |
Источниковедение Древнего Рима / |
| Statement of responsibility, etc. |
А.Г. Бокщанин. |
| 264 ## - PRODUCTION, PUBLICATION, DISTRIBUTION, MANUFACTURE, AND COPYRIGHT NOTICE |
| Place of production, publication, distribution, manufacture |
М., |
| Date of production, publication, distribution, manufacture, or copyright notice |
1981. |
| 300 ## - PHYSICAL DESCRIPTION |
| Extent |
159 с.: |
| Other physical details |
ил.; |
| Dimensions |
22 см. |
| 653 ## - INDEX TERM--UNCONTROLLED |
| keyword |
ძველი რომის წყაროს შესწავლა |
| 653 ## - INDEX TERM--UNCONTROLLED |
| keyword |
ისტორია |
| 942 ## - ADDED ENTRY ELEMENTS (KOHA) |
| Source of classification or shelving scheme |
|
| Koha item type |
წიგნი |